Caracterización biológica del Parque Nacional Natural El Tuparro (Sector Noroeste), Vichada, Colombia (Registro nro. 5823)

Detalles MARC
000 -CABECERA
Campo de control 00867nam a2200253 a 4500
005 - FECHA Y HORA DE LA ULTIMA TRANSACCION
Campo de control 20200104041603.0
008 - ELEMENTOS DE LONGITUD FIJA—INFORMACION GENERAL
Campo de control 140127b2007 ck ||||| |||| 00| 0 spa d
020 ## - ISBN
ISBN 9789588343037
041 ## - IDIOMA
Código de idioma para texto/pista de sonido o título separado Español
044 ## - PAÍS DE PUBLICACIÓN
País de publicación Colombia
082 04 - NUMERO DE CLASIFICACION DECIMAL DEWEY
Número de clasificación IAVH-333.783
Número del ítem V72c
090 ## - CLASIFICACIÓN LOCAL
Colección IAVH
Consecutivo 00721
245 ## - MENCION DE TITULO
Título Caracterización biológica del Parque Nacional Natural El Tuparro (Sector Noroeste), Vichada, Colombia
260 ## - PUBLICACION, DISTRIBUCION, ETC. (PIE DE IMPRENTA)
Lugar de publicación, distribución, etc. Bogotá
Nombre del editor, distribuidor, etc. Instituto Alexander von Humboldt
Fecha de publicación, distribución, etc. 2007
300 ## - DESCRIPCION FISICA
Extensión 291 p.
650 #4 - ASIENTO SECUNDARIO DE MATERIA - TERMINO TEMATICO
Término temático o nombre geográfico como elemento de entrada Parques nacionales
Subdivisión geográfica Vichada (Colombia)
650 ## - ASIENTO SECUNDARIO DE MATERIA - TERMINO TEMATICO
Término temático o nombre geográfico como elemento de entrada Flora tropical
650 #4 - ASIENTO SECUNDARIO DE MATERIA - TERMINO TEMATICO
Término temático o nombre geográfico como elemento de entrada Reservas forestales
Subdivisión geográfica Vichada (Colombia)
651 #4 - ASIENTO SECUNDARIO DE MATERIA - NOMBRE GEOGRAFICO
Nombre geográfico Parque Nacional Natural El Tuparro (Vichada, Colombia)
700 ## - ASIENTO SECUNDARIO - NOMBRE PERSONAL
Nombre personal Villarreal Leal, Héctor
700 ## - ASIENTO SECUNDARIO - NOMBRE PERSONAL
Nombre personal Maldonado Ocampo, Javier A.
942 ## - ELEMENTOS ADICIONALES (KOHA)
Tipo de ítem CD-ROM
Sistema de clasificación Local
Koha issues (borrowed), all copies 7
945 ## - PROCESAMIENTO LOCAL
AAAA-MM-DD - Fecha de ingreso o modificacion 2007-09-18
Existencias
Withdrawn status Lost status Sistema de Clasificación Damaged status No para préstamo Colección Inventariado Ubicación Permanente Ubicación actual Fecha de adquisición Fuente de Valor Valor Total Checkouts Total Renewals Número topográfico Inventario / Código de Barras Date last seen Date checked out Ejemplar Price effective from Forma de adquisición Tipo de material
    Local     Humboldt Inventariado 2017 Bogotá Bogotá 18/09/2007 Instituto 39000.00 4   IAVH-333.783 V72c 025245 03/10/2014 03/10/2014 Ej. 1 04/12/2012 Institucional Libro
    Local     Humboldt Inventariado 2017 Bogotá Bogotá 18/09/2007 Instituto 39000.00     IAVH-333.783 V72c 025246 04/12/2012   Ej. 2 04/12/2012 Institucional Libro
    Local     Audiovisual   Bogotá Bogotá 20/11/2013         IAVH-00721 058873 20/11/2013   Ej. 3 20/11/2013 Institucional Libro
    Local     Humboldt Inventariado 2017 Sala Fabio Quevedo Sala Fabio Quevedo 18/07/2014 Instituto 39000.00     IAVH-333.783 V72c 025244 04/12/2012   Ej. 4 04/12/2012   Libro
    Dewey Decimal Classification     Humboldt Inventariado 2017 Sala Fabio Quevedo Sala Fabio Quevedo 29/07/2014 Instituto 39000.00     IAVH-333.783 V72c 038219 29/07/2014   Ej.5 29/07/2014 Institucional Libro
    Local     Botánica Inventariado 2017 Villa de Leyva Villa de Leyva 18/09/2007 Instituto 39000.00 4 1 IAVH-00721 025243 17/03/2015 19/02/2015 Ej. 1 04/12/2012   Libro